000 00525nam a2200205Ia 4500
003 OSt
005 20220926035414.0
006 a|||||r|||| 00| 0
007 ta
008 220923b |||||||| |||| 00| 0 eng d
037 _cGeneral Book
040 _aRTL
_cRTL
_beng
041 _2eng
_aeng
082 _aXz7, G6
100 _aClark J M
_9342277
245 0 _aPreface to social economics
_b Essays on economic th
260 _c1936
942 _hXz7, G6
_cGB
_2CC
999 _c662137
_d662137